000
00324 a2200133 4500
000
nam a22 7a 4500
100
_a
Subhash Verma
110
_a
Subhash Verma
245
_a
Water and Wastewater Engineering Technology
250
_a
latest edition
260
_b
CRC/CBS
_c
2024
264
_b
CRC/CBS
_c
2024
942
_c
BK
999
_c
395744
_d
395744